| 000 | 00505nam a2200169 i 4500 | ||
|---|---|---|---|
| 001 | 58121 | ||
| 003 | ES-MaACL | ||
| 005 | 20230906163730.0 | ||
| 007 | t| | ||
| 008 | 031020s1957 sp ||||1| spa d | ||
| 100 | 1 |
_aDu Maurier, Daphne. _945711 |
|
| 245 | 1 | 0 |
_aMonte Bravo / _cDaphne Du Maurier ; [versión de Santiago Valdanzo]. |
| 260 |
_a[Barcelona] : _bCisne, _c[1957] ( _fP. Hermanos) |
||
| 300 |
_a287 p. ; _c18 cm. |
||
| 700 | 1 |
_aValdanzo, Santiago. _9112478 |
|
| 852 |
_aES-MaACL _jC-13949 _bR.41073 |
||
| 999 |
_c58121 _d58121 |
||